| 000 | 02079nam a22003977a 4500 | ||
|---|---|---|---|
| 003 | KnowledgeUnlatched | ||
| 005 | 20210303104747.0 | ||
| 006 | m o d | ||
| 007 | cr u|||||||||| | ||
| 008 | 210129p20192020xx o u00| u eng d | ||
| 037 | _5BiblioBoard | ||
| 245 | 0 | 0 |
_aEIB Working Papers 2019/01 - Blockchain, FinTechs and their relevance for international financial institutions _cEmmanouil Davradakis, European Investment Bank, Ricardo Santos. _nVolume 2019/1 |
| 020 | _a9789286141843 | ||
| 024 | 8 | _ahttps://doi.org/10.2867/11329 | |
| 029 | 1 | _ahttps://library.biblioboard.com/ext/api/media/4238572b-13d1-4df7-8c2c-a5f146a07d9f/assets/thumbnail.jpg | |
| 040 |
_aScCtBLL _cScCtBLL |
||
| 100 | 1 |
_aDavradakis, Emmanouil _eauthor. |
|
| 506 | 0 |
_aAccess copy available to the general public. _fUnrestricted _2star |
|
| 700 | 1 |
_aEuropean Investment Bank _eeditor. |
|
| 700 | 1 |
_aSantos, Ricardo _eauthor. |
|
| 264 | 1 | _bEuropean Investment Bank, | |
| 300 | _a1 online resource (1 p.) | ||
| 490 | 1 | _aEIB Working Papers | |
| 520 | _aThis paper provides an introduction to financial technology and blockchain, while exploring: the impact of FinTechs and TechFins on the financial sector, a description of blockchain technology and its applications, with a focus on cryptocurrencies, the impact on financial inclusion, risks and challenges, applications for international financial institutions and their clients. | ||
| 588 | 0 | _aDescription based on print version record. | |
| 590 | _aKU Open Services | ||
| 650 | 7 |
_aBusiness & Economics / Finance _2bisacsh |
|
| 650 | 0 | _aEconomics | |
| 655 | 0 | _aElectronic books. | |
| 758 |
_iIs found in: _aKnowledge Unlatched _1https://openresearchlibrary.org/module/2774bc74-146a-484f-a7ba-ab1d6a09bbfb |
||
| 830 | 0 | _aEIB Working Papers | |
| 856 | 4 | 0 |
_uhttps://openresearchlibrary.org/content/4238572b-13d1-4df7-8c2c-a5f146a07d9f _zView this content on Open Research Library. _70 |
| 999 |
_c32544 _d32544 |
||